1025 1437 1839 1468 1220 1669 1398 1720 1717 1439 1167 1177 1393 1999 1165 1596 1225 1250 1643 1684 1261 1328 1191 1597 1529 1796 1744 1358 1188 1102 1099 1544 1732 1389 1512 1238 1425 1433 1615 1525 1065 1841 1294 1947 1555 1835 1748 1980 1173 1854 1441 1459 1659 1483 1921 1416 1328 1795 1456 1104 1791 1666 1318 1017 1014 1176 1964 1322 1527 1895 1814 1433 1568 1765 1971 1034 1809 1299 1347 1618 1189 1817 1431 1775 1946 1405 1981 1902 1067 1573 1535 1799 1309 1471 1415 1017 1885 1757 1975 BCNSPRNW ULIB Ver.6.0+V

เปลี่ยนเป็นภาษาไทย

Change to English
 แสดงรายละเอียดบรรณานุกรม
  กลับหน้าหลัก

Brief Record : Get Marc (ISO 2709) : E-mail record : QR code < ปิดหน้าต่าง
LEADER : 00000nam 2200000uu 4500
001    13399121709
003     ULIB
008    121130s2551||||th 000 0 tha d
020    ^a9789741601455
060 04 ^aWS2.5.JT3^bส660ค
245 00 ^aคนไข้หัวหมอหรือหมอหัวดื้อ /^cบรรณาธิการ, สายพิณ หัตถีรัตน์
250    ^aพิมพ์ครั้งที่ 1
260    ^aกรุงเทพฯ :^bหมอชาวบ้าน,^c2551
300    ^a166 หน้า ;^c21 ซม.
650  7 ^aกฎหมายทางการแพทย์
650  7 ^aจรรยาแพทย์
650  7 ^aแพทย์กับผู้ป่วย
653    ^aOpen Your Eyes Project
700 0  ^aสายพิณ หัตถีรัตน์,^eบรรณาธิการ
945    ^p150^l0^i15880
945    ^p150^l0^i15881
995    ^aวิภา
999 ^a ใช้งานได้ทุกระบบ
รายการนี้ยังไม่มีแท็ก
คุณยังไม่ได้ล็อกอิน คุณสามารถมีกิจกรรมร่วมกับเว็บไซต์ได้ แต่ต้องล็อกอินก่อน ::
  ล็อกอิน

รายการสื่อสารสนเทศ

ลำดับที่ ประเภท เลขเรียก/บาร์โค้ด สถานที่ สถานะ
1. วิทยาศาสตร์การแพทย์ และสุขภาพ
วิทยาศาสตร์การแพทย์ และสุขภาพ
WS2.5.JT3 ส660ค  
  Barcode: 15880
ห้องสมุดวิทยาเขตสวรรค์ประชารักษ์
►ส่วนจัดเก็บหนังสือเก่า สปร
บนชั้น
  ขอยืม
2. วิทยาศาสตร์การแพทย์ และสุขภาพ
วิทยาศาสตร์การแพทย์ และสุขภาพ
WS2.5.JT3 ส660ค ฉ.2 
  Barcode: 15881
ห้องสมุดวิทยาเขตสวรรค์ประชารักษ์
►ส่วนจัดเก็บหนังสือเก่า สปร
บนชั้น
  ขอยืม

รายการใกล้เคียง
    หัวเรื่อง [กฎหมายทางการแพทย์]
    หัวเรื่อง [จรรยาแพทย์]
    หัวเรื่อง [แพทย์กับผู้ป่วย]

BibComment


ยังไม่เคยถูกคอมเมนท์

คอมเมนท์ทรัพยากรรายการนี้
  คอมเมนท์: คนไข้หัวหมอหรือห..


 Copyright 2026. Bcnsprnw @Library